| 000 | 00354nam a2200145Ia 4500 | ||
|---|---|---|---|
| 999 |
_c9817 _d9817 |
||
| 003 | OSt | ||
| 005 | 20220303184255.0 | ||
| 008 | 220112s9999||||xx |||||||||||||| ||und|| | ||
| 020 | _a9789352695263 | ||
| 082 |
_a526.9 _bSHA |
||
| 100 | _aSubramanian, R | ||
| 245 | 0 | _aFundamentals of surveying | |
| 260 |
_aNew Delhi _bRandom Publications _c2020 |
||
| 942 | _2ddc | ||